[Event "Siracusa op"]
[Site "Siracusa"]
[Date "2006.09.26"]
[Round "4"]
[White "Moscarelli, Giacomo"]
[Black "Kopischke, Maik"]
[Result "0-1"]
[WhiteElo "1661"]
[BlackElo "1984"]
[PlyCount "155"]
[EventDate "2006.09.23"]
[EventType "swiss"]
[EventRounds "9"]
[EventCountry "ITA"]
[SourceTitle "EXT 2011"]
[Source "ChessBase"]
[SourceDate "2010.11.26"]
[SourceVersion "1"]
[SourceVersionDate "2010.11.26"]
[SourceQuality "1"]

1. d4 Nf6 2. e3 b6 3. f4 g6 4. Nf3 Bg7 5. Bd3 Bb7 6. 0-0 d6 7. Nbd2 Nbd7 8. Qe2 c5 9. c3 e6 10. b3 0-0 11. Bb2 Nh5 12. Qf2 f5 13. Ng5 Re8 14. Nc4 Ndf6 15. h3 h6 16. Nf3 Ne4 17. Bxe4 Bxe4 18. Rad1 b5 19. Na3 Qa5 20. Nh4 Kh7 21. dxc5 dxc5 22. g4 Nf6 23. gxf5 Bxf5 24. Nxf5 exf5 25. Qe2 a6 26. Kh2 Rad8 27. Rg1 Rxd1 28. Rxd1 Qc7 29. Qd3 Re7 30. c4 Rd7 31. Qe2 b4 32. Be5 Qd8 33. Rxd7 Qxd7 34. Bxf6 Bxf6 35. Nc2 Qd6 36. Ne1 g5 37. Qd3 Qe6 38. Ng2 Kg6 39. Kg3 h5 40. fxg5 Bxg5 41. h4 Qe5+ 42. Nf4+ Bxf4+ 43. exf4 Qe1+ 44. Kh3 Qh1+ 45. Kg3 Qg1+ 46. Kf3 Qg4+ 47. Ke3 Qg3+ 48. Ke2 Qxf4 49. Qd8 Qe4+ 50. Kf1 Qb1+ 51. Kg2 Qxa2+ 52. Kf1 Qb1+ 53. Kg2 Qe4+ 54. Kf1 Qh1+ 55. Kf2 Qh2+ 56. Kf1 Qf4+ 57. Kg2 Qe4+ 58. Kf1 Qb1+ 59. Kg2 Qc2+ 60. Kf1 Qc1+ 61. Kg2 Qb2+ 62. Kf1 Qa1+ 63. Kg2 Qf6 64. Qe8+ Kh6 65. Qe3+ f4 66. Qh3 Qb2+ 67. Kf1 Qc1+ 68. Ke2 Qc2+ 69. Kf1 Qd1+ 70. Kf2 Qg4 71. Qh1 Qg3+ 72. Kf1 f3 73. Qg1 Qxg1+ 74. Kxg1 a5 75. Kf2 a4 76. bxa4 b3 77. a5 b2 78. a6 0-1

[Event "Siracusa op"]
[Site "Siracusa"]
[Date "2006.09.23"]
[Round "1"]
[White "Timoshenko, Georgy"]
[Black "Moscarelli, Giacomo"]
[Result "1-0"]
[WhiteElo "2550"]
[BlackElo "1661"]
[PlyCount "35"]
[EventDate "2006.09.23"]
[EventType "swiss"]
[EventRounds "9"]
[EventCountry "ITA"]
[SourceTitle "EXT 2011"]
[Source "ChessBase"]
[SourceDate "2010.11.26"]
[SourceVersion "1"]
[SourceVersionDate "2010.11.26"]
[SourceQuality "1"]

1. d4 d5 2. c4 c6 3. Nc3 e6 4. Nf3 f5 5. Bf4 Bd6 6. e3 Nf6 7. Bd3 Ne4 8. 0-0 0-0 9. Rc1 b6 10. Qb3 Ba6 11. Rfd1 h6 12. cxd5 cxd5 13. Nxd5 g5 14. Bxd6 Qxd6 15. Nc7 Bxd3 16. Nxe6 Be2 17. Nxf8+ Kxf8 18. Ne5 1-0